LIBRARY & INFORMATION CENTRE, KCAET, TAVANUR

ONLINE PUBLIC ACCESS CATALOGUE (OPAC)

Text book of applied mechanics and strength of materials / (Record no. 10780)

MARC details
000 -LEADER
fixed length control field 00498cam a2200193ua 4500
041 ## - LANGUAGE CODE
Language code of text/sound track or separate title eng
082 ## - DEWEY DECIMAL CLASSIFICATION NUMBER
Classification number 620.1
Item number MAL/TE
100 ## - MAIN ENTRY--AUTHOR NAME
Personal name Malhotra, D.R .
245 ## - TITLE STATEMENT
Title Text book of applied mechanics and strength of materials /
250 ## - EDITION STATEMENT
Edition statement 6 /
260 ## - PUBLICATION, DISTRIBUTION, ETC. (IMPRINT)
Place of publication New Delhi :
Name of publisher Satya Prakshan ,
Year of publication 1992.
300 ## - PHYSICAL DESCRIPTION
Number of Pages 1031 ; .
700 1# - ADDED ENTRY--PERSONAL NAME
Personal name Gupta, H.C .
942 ## - ADDED ENTRY ELEMENTS (KOHA)
Koha item type Books
Holdings
Withdrawn status Lost status Damaged status Home library Current library Date acquired Full call number Accession Number Koha item type
Withdrawn     KAUAET KAUAET 07/04/2012 620.1 MAL/TE 19297 Books
free website counter